| 000 | 00687nam a22001937a 4500 | ||
|---|---|---|---|
| 003 | BD-DhUL | ||
| 005 | 20160918140516.0 | ||
| 008 | 160918s1995 b a|||| |||| 000 0 b d | ||
| 040 |
_cBD-DhUL _dBD-DhUL |
||
| 082 |
_a954.92 _bCHB |
||
| 100 | 1 | _aচৌধুরী, আনিসুল হক | |
| 245 |
_aবাংলার মূল / _cআনিসুল হক চৌধুরী |
||
| 250 | _a১ম সং. | ||
| 260 |
_aঢাকা : _bআধুনিক প্রকাশনী, _c১৯৯৫ । |
||
| 300 |
_a৩০৮ পৃ. ; _c২২ সেমি. । |
||
| 650 |
_aবাংলাদেশ _xইতিহাস |
||
| 650 |
_aBangladesh _xHistory |
||
| 942 |
_2ddc _cBK |
||
| 999 |
_c104909 _d104909 |
||